Welcome to UE Central Library

Keep Smiling

The first ever Olimpick Games (Record no. 25967)

MARC details
000 -LEADER
fixed length control field 00739nam a22001937a 4500
005 - DATE AND TIME OF LATEST TRANSACTION
control field 20260409091029.0
008 - FIXED-LENGTH DATA ELEMENTS--GENERAL INFORMATION
fixed length control field 260409b |||||||| |||| 00| 0 eng d
020 ## - INTERNATIONAL STANDARD BOOK NUMBER
International Standard Book Number 9780340862742 (hbk
040 ## - CATALOGING SOURCE
Transcribing agency UE-CL
082 ## - DEWEY DECIMAL CLASSIFICATION NUMBER
Classification number 796.48
Item number H1173
100 ## - MAIN ENTRY--PERSONAL NAME
Personal name Haddon Celia
245 ## - TITLE STATEMENT
Title The first ever Olimpick Games
Remainder of title / Celia Haddon
260 ## - PUBLICATION, DISTRIBUTION, ETC. (IMPRINT)
Place of publication, distribution, etc London:
Name of publisher, distributor, etc Hodder & Stoughton.
Date of publication, distribution, etc 2004.
300 ## - PHYSICAL DESCRIPTION
Extent 192 p.
546 ## - LANGUAGE NOTE
Language note English
650 ## - SUBJECT ADDED ENTRY--TOPICAL TERM
Topical term or geographic name as entry element Olimpic--Games
942 ## - ADDED ENTRY ELEMENTS (KOHA)
Koha item type Books
505 ## - FORMATTED CONTENTS NOTE
Formatted contents note 1. The first ever Olimpicks<br/>2. Robert Dover<br/>3. Manly sports and the first olympic contest<br/>4. Gentlemens sports ans a classical theme<br/>5. The first olimpick controversy<br/>6. The end and restoration of the first olimpick<br/>7. Reclaiming our olimpick heritage
Holdings
Withdrawn status Damaged status Not for loan Home library Current library Date acquired Full call number Barcode Date last seen Price effective from Koha item type
      UE-Central Library UE-Central Library 09.04.2026 796.48 H1173 T6016D 09.04.2026 09.04.2026 Books
Copyright © 2023, University of Education, Lahore. All Rights Reserved.
Email:centrallibrary@ue.edu.pk